000 00493 a2200133 4500
001 91216
082 _aPP 1132
090 _c43298
_d43298
100 _aAbid Mehdi; Prof Tajamul and S K N Zaidi (Advisors)
245 _aRecommisioning of an Arial Flow compressor and Preparation of the Experimental performance curves for the compressor and the Laboratory worksheet on the compressor
_n38 "A" EC
260 _aKarachi
_bNED University
_c1993
300 _av;95p
500 _aBE Project Reports
942 _aCAE NUST
_kPP 1132
999 _c326289
_d326289